| 000 | 00964nmm a2200289 a 4500 | ||
|---|---|---|---|
| 001 | ocm0002347499 | ||
| 003 | TR-IsHL | ||
| 005 | 20201028185413.0 | ||
| 008 | 190817s2018 tu tur | ||
| 007 | cr cn | ||
| 020 | _a9789752416277 | ||
| 035 |
_a2347499 _b(N$T) |
||
| 050 | 0 | 4 |
_aBP195.A74 _bŞ55 2018 |
| 090 | 0 | 4 |
_aBP195.A74 _bŞ55 2018 |
| 100 | 1 | _aŞimşek, Atilla | |
| 245 | 1 | 0 |
_aİktidar siyasal islam siyasallaşan Alevilik _h[electronic resource] / _cAtilla Şimşek ; editör Ergün Şimşek |
| 250 | _aBirinci Baskı | ||
| 260 |
_aİstanbul : _bCeylan Yayınları , _c2018 |
||
| 300 | _a539 p. | ||
| 650 | 4 | _aFelsefe, Psikoloji ve Din | |
| 650 | 4 | _aPhilosophy, Psychology and Religion | |
| 650 | 0 | _aAlevilik | |
| 650 | 0 | _aAlevism | |
| 650 | 7 |
_aRELIGION / Islam / Rituals & Practice _2bisacsh |
|
| 700 | 1 | _aŞimşek, Ergün | |
| 856 | 4 | 0 | _uhttp://search.ebscohost.com/login.aspx?direct=true&scope=site&db=e011xww&AN=2347499 |
| 999 |
_c21448 _d21448 |
||